000 00336 a2200157 4500
001 170597
020 _a
040 _cMagnum
100 _aMartho, Gilberto
240 1 0 _aA evolucao dos seres vivos
_lpor
245 1 0 _aA evolucao dos seres vivos
362 0 _a1899
440 1 _aScipione
697 _aPARADIDATICOS
942 _cBK
999 _c170597
_d170597